| 000 | 00665nam a22001817a 4500 | ||
|---|---|---|---|
| 999 |
_c61693 _d61693 |
||
| 005 | 20240417172702.0 | ||
| 008 | 240417s2003 enk||||| |||| 00| 0 eng d | ||
| 020 | _a9780323023719x | ||
| 041 | _aeng | ||
| 080 | _a616.8-091+577.27 T-95 | ||
| 100 |
_aTurgeon, Mary Louise _921842 |
||
| 245 |
_aImmunology & Serology in Laboratory Medicine / _cMary Louise Turgeon. |
||
| 264 |
_aSt. Louis : _bMosby, _c2003. |
||
| 300 |
_a558 p.: _bill.; _c29 cm. |
||
| 653 | _aიმუნოლოგია და სეროლოგია ლაბორატორიულ მედიცინაში | ||
| 653 | _aმედცინა | ||
| 942 |
_2udc _cᲬᲘᲒᲜᲘ |
||